| 000 | 00545cam a2200205 4500 | ||
|---|---|---|---|
| 001 | J1340 | ||
| 008 | 090401t1942 xxu||||| |||| 00| 0 eng d | ||
| 035 | _a(Sirsi) u42993 | ||
| 041 | _aeng | ||
| 110 |
_aMinistry of Works and Planning _91348 |
||
| 245 | _aReport of the Committee on Land Utilisation in Rural Areas. | ||
| 260 |
_aLondon _bHMSO _c1942 |
||
| 350 | _a0 | ||
| 490 |
_aCm _v6378 |
||
| 650 | _aSCOTT REPORT | ||
| 690 | _aRURAL PRACTICE | ||
| 700 |
_aScott, Leslie _cSir _d1869-1950 _xChairman |
||
| 942 | _n0 | ||
| 948 | _c04/03/1997 | ||
| 999 |
_c91225 _d91225 |
||